Normal view
MARC view
Entry Personal Name
001 - CONTROL NUMBER
- control field: 50108
003 - CONTROL NUMBER IDENTIFIER
- control field: ARRUPE
005 - DATE AND TIME OF LATEST TRANSACTION
- control field: 20201029110750.0
008 - FIXED-LENGTH DATA ELEMENTS
- fixed length control field: 201029|| aca||aabn | a|a d
040 ## - CATALOGING SOURCE
- Original cataloging agency: ARRUPE
- Transcribing agency: ARRUPE
100 ## - HEADING--PERSONAL NAME
- Personal name: Devaraj, S.
670 ## - SOURCE DATA FOUND
- Source citation: Work cat.: (ARRUPE): Devaraj, S., Praying to the father, 2004